书目信息 |
| 题名: |
北京及其邻近地区的鱼类
|
|
| 作者: | 张春光 , 赵亚辉 著 | |
| 分册: | ||
| 出版信息: | 北京 科学出版社 2013.03 |
|
| 页数: | 230页 | |
| 开本: | 27cm | |
| 丛书名: | ||
| 单 册: | ||
| 中图分类: | S932.4-64 | |
| 科图分类: | ||
| 主题词: | 鱼类资源--渔业调查--北京--图谱 , 鱼类资源 , 渔业调查 | |
| 电子资源: | ||
| ISBN: | 978-7-03-037033-4 | |
| 000 | 01377nam0 2200325 450 | |
| 001 | 012013062972 | |
| 005 | 20140609155445.40 | |
| 010 | @a978-7-03-037033-4@dCNY180.00 | |
| 100 | @a20130620d2013 em y0chiy0110 ea | |
| 101 | 0 | @achi |
| 102 | @aCN@b110000 | |
| 105 | @aabfkz 001yy | |
| 106 | @ar | |
| 200 | 1 | @a北京及其邻近地区的鱼类@9bei jing ji qi lin jin di qu de yu lei@e物种多样性、资源评价和原色图谱@f张春光,赵亚辉著 |
| 210 | @a北京@c科学出版社@d2013.03 | |
| 215 | @a230页@c地图,照片@d27cm | |
| 300 | @a农业部水生野生保护动物办公室 北京市农业局资助 | |
| 312 | @a书内英文题名:Fishes in Beijing and adjacent areas, China | |
| 330 | @a全书分为总论和各论两部分。总论中详细记述了区域内鱼类资源的历史和现状,就鱼类资源急具下降的原因进行了深入分析等;各论部分对已知的85种鱼类分别进行了描述,配有物种和生境照片。 | |
| 333 | @a相关科研人员、地方相关政府官员、渔政管理人员、渔业生产人员、垂钓爱好者、环境保护人士 | |
| 510 | 1 | @aFishes in Beijing and adjacent areas, China@zeng |
| 517 | 1 | @a物种多样性、资源评价和原色图谱@9wu zhong duo yang xing 、zi yuan ping jia he yuan se tu pu |
| 606 | 0 | @a鱼类资源@x渔业调查@y北京@j图谱 |
| 606 | 0 | @a鱼类资源 |
| 606 | 0 | @a渔业调查 |
| 690 | @aS932.4-64@v5 | |
| 701 | 0 | @a张春光@9zhang chun guang@4著 |
| 701 | 0 | @a赵亚辉@9zhao ya hui@4著 |
| 801 | 0 | @aCN@b人天书店@c20130620 |
| 905 | @b549872-74@dS932.4-64@e39@f3 | |
| 北京及其邻近地区的鱼类:物种多样性、资源评价和原色图谱/张春光,赵亚辉著.-北京:科学出版社,2013.03 |
| 230页:地图,照片;27cm |
| 农业部水生野生保护动物办公室 北京市农业局资助.-使用对象:相关科研人员、地方相关政府官员、渔政管理人员、渔业生产人员、垂钓爱好者、环境保护人士 |
| ISBN 978-7-03-037033-4:CNY180.00 |
| 全书分为总论和各论两部分。总论中详细记述了区域内鱼类资源的历史和现状,就鱼类资源急具下降的原因进行了深入分析等;各论部分对已知的85种鱼类分别进行了描述,配有物种和生境照片。 |
| ● |
| 相关链接 |
|
|
|
|
正题名:北京及其邻近地区的鱼类
索取号:S932.4-64/39
 
预约/预借
| 序号 | 登录号 | 条形码 | 馆藏地/架位号 | 状态 | 备注 |
| 1 | 549872 | 205498727 | 第二样本阅览室/ [索取号:S932.4-64/39] | 在馆 | |
| 2 | 549873 | 205498736 | 第三借阅区/ [索取号:S932.4-64/39] | 在馆 | |
| 3 | 549874 | 205498745 | 密集书库-生命科学系/ [索取号:S932.4-64/39] | 在馆 |